| 000 | 01466nam a2200121Ia 4500 | ||
|---|---|---|---|
| 008 | 220620s9999||||xx |||||||||||||| ||und|| | ||
| 100 | _aGerssen, Arjen||Gago-MartÃnez, Ana | ||
| 245 | 0 | _aEmerging Marine Biotoxins | |
| 546 | _aEnglish[eng] | ||
| 650 | _an/a||C-CTX-1||non-targeted analysis||ciguatera fish poisoning||suspects screening||neurodegeneration||adaptation||LC-HRMS||paralytic shellfish toxins||LC-MS/MS||animal toxins||identification||method characterization||caribbean ciguatoxins||oral toxicity||water flea||quorum sensing||eutrophication||beta-methyl-amino-l-alanine||dynamics simulation||thermal water||spent medium||Microcystis||Gambierdiscus||gambierdiscus||whole genome sequencing||palytoxin||conotoxin||ovatoxins||cyanobacterial toxin||BMAA||Ciguatera fish poisoning||Rastrineobola argentea||calcium-activated K+ ion channel||toxicity equivalence factor||NMR spectroscopy||N2a||PPIA||marine biotoxins||Daphnia magna||ELISA||disulfide-rich peptide||food chain||ShK-like peptide||voltage-gated K+ ion channel||targeted analysis||Chinese yellow catfish||marine||macaronesia||neuroblastoma bioassay||marine toxins||acute toxicity||algal–bacterial relationship||mass spectrometry||tetrodotoxins||saxitoxin||toxicology||cationization||seafood safety||evolution||cyanotoxins||toxin genes||zoantharian||spatial variability||dopaminergic neurons||tetrodotoxin||bivalve mollusks | ||
| 856 | _uhttps://mdpi.com/books/pdfview/book/1520 | ||
| 942 | _cEB | ||
| 999 |
_c28401 _d28401 |
||